000
00307 a2200133 4500
000
nam a22 7a 4500
100
_a
A.S.Rao
110
_a
A.S.Rao
245
_a
Research methodology with SPSS
250
_a
latest edition
260
_b
Shree Niwas
_c
2026
264
_b
Shree Niwas
_c
2026
942
_c
BK
999
_c
397007
_d
397007